TOP 10 MOST RICHEST FORTNITE PLAYERS IN EUROPE - Statistics

General Stats
  • This quiz has been taken 323 times
  • The average score is 8 of 15
Answer Stats
Position in ranking Player % Correct
$900,514 Tayson
90%
$524,425 Kami
82%
$461,760 Setty
81%
$618,674 Aqua
67%
$454,290 Teeq
63%
$499,945 Benjyfishy
61%
$515,517 Queasy
60%
$625,757 ThomasHD
58%
$608,923 Chapix
55%
$675,128 Hen
54%
$536,397 JannisZ
53%
$376,957 Anas
48%
$353,569 Andilex
34%
$424,403 Stompy
22%
$413,101 Kiryache
20%
No matching quizzes found
Score Distribution
Percent of People with Each Score
Percentile by Number Answered
Your Score History
You have not taken this quiz